000 00345nam a2200133 i 4500
001 bg
100 1 _aJASIEWICZ, Krzysztof
245 0 _aRole społeczne radnych wojewódzkich rad narodowych /
_cKrzysztof Jasiewicz.
260 _aWrocław,
_c1979.
040 _cBPK
041 _apol
942 _cKS
008 s pl f |000 0 pol
999 _c19011
_d19011
856 _uhttp://koha.tu.koszalin.pl/cgi-bin/koha/opac-detail.pl?biblionumber=19011
_yKatalog online BPK